Biographical dictionary of Management (Record no. 2737)

MARC details
000 -LEADER
fixed length control field 00446nam a2200157Ia 4500
020 ## - INTERNATIONAL STANDARD BOOK NUMBER
ISBN 1 85506 871 0
082 ## - DEWEY DECIMAL CLASSIFICATION NUMBER
Classification number RR 658.092 BIO;
245 #0 - TITLE STATEMENT
Title Biographical dictionary of Management
260 ## - PUBLICATION, DISTRIBUTION, ETC. (IMPRINT)
Place of publication Bristol
Name of publisher Thoemmes Press
Year of publication 2001
300 ## - PHYSICAL DESCRIPTION
Number of Pages 2v.
500 ## - GENERAL NOTE
General note Contents: Vol.1.A-J(xxv, 507p.) - v.2.K-Z-Indexes(509-1130p.)
650 ## - SUBJECT ADDED ENTRY--TOPICAL TERM
Topical Term Biography - Dictionaries
650 ## - SUBJECT ADDED ENTRY--TOPICAL TERM
Topical Term Management - Dictionaries
700 ## - ADDED ENTRY--PERSONAL NAME
Personal name Witzel, Morgen
942 ## - ADDED ENTRY ELEMENTS (KOHA)
Koha item type Books
Holdings
Withdrawn status Lost status Damaged status Not for loan Home library Current library Date acquired Bill Date Full call number Accession Number Price effective from Koha item type
        NASSDOC Library NASSDOC Library 08/06/2004 2004-10-05 RR 658.092 BIO; 38530 18/04/2019 Books
        NASSDOC Library NASSDOC Library 08/06/2004 2004-10-05 RR 658.092 BIO; 38531 18/04/2019 Books